000 00948cam a2200289 a 4500
001 3258
005 20250828153623.0
020 _a9781615902675 (hardcover : alk. paper)
020 _a9781615905072
040 _aDLC
_cDLC
_dDLC
_beng
050 0 0 _aSF375.M38
_b2011
082 0 0 _a636.3
100 1 _aMattern, Joanne
_d1963-
245 1 0 _aSheep on the farm /
_cby Mattern,Joanne
260 _aFlorida :
_bRourke Publushing ,
_c2011
300 _a24 pages :
_bcolor illustrations ;
_c21 cm.
490 0 _aRourke discovery library
490 0 _aFarm animals
505 0 _aN
520 _aCurious Kids Will Learn About Sheep, How Farmers Care For Them, And What Benefits We Get From These Farm Animals.
521 _a570
_bLexile
521 _aN
_bRaz-Plus
650 0 _aSheep
_vJuvenile literature
650 0 _aSheep ranches
_vJuvenile literature
906 _a7
_bcbc
_corignew
_d1
_eecip
_f20
_gy-gencatlg
942 _2ddc
_cBK
_n0
999 _c3258
_d3258